[Event "Hampstead U2200 July 2014"]
[Site "Hampstead, UK"]
[Date "2014.07.05"]
[Round "1"]
[White "Jaunooby, Ali R"]
[Black "Finnegan, Oliver"]
[Result "1-0"]
[WhiteElo "2186"]
[BlackElo "1766"]
[EventType "swiss"]
[EventRounds "5"]

1. d4 Nf6 2. c4 e6 3. Nc3 Bb4 4. Bg5 b6 5. f3 h6 6. Bh4 g5 7. Bf2 Bb7 8. e4
Bxc3+ 9. bxc3 d6 10. h4 g4 11. h5 Nbd7 12. Bd3 Qe7 13. Qa4 a5 14. Bh4 Qd8 15.
e5 dxe5 16. dxe5 O-O 17. O-O-O Nc5 18. Qc2 Qe7 19. Bh7+ Kh8 20. Bxf6+ {#r} 1-0

[Event "Hampstead U2200 July 2014"]
[Site "Hampstead, UK"]
[Date "2014.07.05"]
[Round "1"]
[White "Huang, Dion"]
[Black "Haribalu, V."]
[Result "0-1"]
[WhiteElo "1759"]
[BlackElo "2176"]
[EventType "swiss"]
[EventRounds "5"]

1. d4 d5 2. Nf3 Nf6 3. c4 c6 4. Nc3 dxc4 5. e3 b5 6. a4 b4 7. Na2 e6 8. Bxc4
Nbd7 9. O-O Be7 10. Bd2 a5 11. Nc1 O-O 12. Nb3 Bb7 13. Be2 Qb6 14. Qc2 Rac8
15. Rfc1 c5 16. dxc5 Nxc5 17. Nxc5 Bxc5 18. Qd1 Rfd8 19. Qe1 Ne4 20. Rd1 Bd5
21. Bc1 Bb3 22. Rxd8+ Rxd8 23. Nd2 Nxd2 24. Bxd2 Qd6 25. Bc1 f5 26. Bf3 e5 27.
g3 e4 28. Be2 Qd5 29. Kg2 Be7 30. f3 Bc2 31. Kf2 exf3 32. Bxf3 Be4 33. Bxe4
fxe4 34. Qe2 b3 35. Qb5 Qf7+ 36. Kg2 Qf3+ 37. Kh3 Rd6 38. Qb8+ Bf8 39. Qxd6
Qf1+ 40. Kg4 Bxd6 {#R} 0-1

[Event "Hampstead U2200 July 2014"]
[Site "Hampstead, UK"]
[Date "2014.07.05"]
[Round "1"]
[White "Willmoth, Robert"]
[Black "Jina, Taran"]
[Result "0-1"]
[WhiteElo "2159"]
[BlackElo "1741"]
[EventType "swiss"]
[EventRounds "5"]

1. c4 e5 2. g3 Nf6 3. Bg2 d5 4. cxd5 Nxd5 5. Nc3 Nb6 6. Nf3 Nc6 7. O-O Be7 8.
d3 O-O 9. Be3 Nd4 10. Nxe5 Bf6 11. Nf3 Nxf3+ 12. Bxf3 Bh3 13. Re1 c6 14. Qb3
Be6 15. Qc2 Re8 16. Ne4 Nd5 17. Nxf6+ Qxf6 18. Bd2 Rad8 19. Bg2 Bg4 20. e4 Nc7
21. h3 Be6 22. Bc3 Qe7 23. a4 Qd7 24. g4 Qxd3 25. Qxd3 Rxd3 26. f4 Bb3 27. f5
f6 28. Kf2 Na6 29. Bf1 Nc5 30. e5 fxe5 31. Ra3 Bd5 32. b4 Rf3+ 33. Kg1 Ne4 34.
Bb2 Nd2 35. Rd1 Nb3 36. Bg2 Rg3 37. Rxd5 cxd5 38. Kf2 Rxg2+ 39. Kxg2 Nd2 40.
Bc1 Nc4 41. Rc3 Kf7 42. Kf3 Kf6 43. h4 h6 44. Rc2 e4+ 45. Kf4 g5+ 46. fxg6
Kxg6 47. h5+ Kf6 48. Kg3 e3 49. Kf3 Re4 50. b5 Ke5 51. Re2 d4 52. g5 hxg5 53.
h6 Rh4 54. Rg2 Kf5 55. Ke2 Ke4 56. h7 d3+ 57. Kf1 e2+ 58. Kf2 Rh1 59. Rg4+ Kf5
60. Rxg5+ Ke6 61. Rg6+ Kf7 {#R} 0-1

[Event "Hampstead U2200 July 2014"]
[Site "Hampstead, UK"]
[Date "2014.07.05"]
[Round "1"]
[White "Jain, Gautam"]
[Black "Bratholm, Palle"]
[Result "0-1"]
[WhiteElo "1714"]
[BlackElo "2158"]
[EventType "swiss"]
[EventRounds "5"]

1. e4 e5 2. Nf3 Nc6 3. Bb5 a6 4. Ba4 Nf6 5. Qe2 b5 6. Bb3 Bc5 7. c3 h6 8. O-O
O-O 9. Rd1 Re8 10. d3 Bb7 11. Be3 Bxe3 12. fxe3 Na5 13. Bc2 c5 14. Nbd2 Qc7
15. Nb3 c4 16. Nxa5 cxd3 17. Bxd3 Qxa5 18. Qc2 Qb6 19. Re1 d5 20. Nd2 Rac8 21.
exd5 Bxd5 22. Ne4 Ng4 23. Qe2 f5 24. Ng3 e4 25. Bc2 Bc4 26. Qd2 Rcd8 27. Qc1
Qg6 28. Bb3 f4 29. Bxc4+ bxc4 30. Nh1 Nxe3 31. Rxe3 fxe3 32. Qxe3 Rd3 33. Qe2
Qb6+ 34. Nf2 e3 35. Nh3 Rd2 36. Qxc4+ Kh8 37. Kh1 e2 38. Ng1 e1=Q 39. Rxe1
Rxe1 40. Qc8+ Rd8 {#R} 0-1

[Event "Hampstead U2200 July 2014"]
[Site "Hampstead, UK"]
[Date "2014.07.05"]
[Round "1"]
[White "Bonafont, Philip"]
[Black "Carter, John"]
[Result "1-0"]
[WhiteElo "2056"]
[BlackElo "1710"]
[EventType "swiss"]
[EventRounds "5"]

1. d4 Nf6 2. Nf3 e6 3. c4 b6 4. g3 Ba6 5. Qc2 Bb7 6. Bg2 Bb4+ 7. Bd2 c5 8.
Bxb4 cxb4 9. Qb3 a5 10. O-O O-O 11. a3 Na6 12. Nbd2 d5 13. e3 dxc4 14. Nxc4
Bd5 15. Nfe5 Ne4 16. Qd3 Bxc4 17. Nxc4 f5 18. Bxe4 fxe4 19. Qxe4 Rf6 20. Nxb6
Rb8 21. Nc4 a4 22. Rac1 Nc7 23. Ne5 Qd5 24. Qc2 Nb5 25. axb4 a3 26. bxa3 Nxa3
27. Qc5 Rb5 28. Qa7 Qb3 29. Rc8+ Rf8 30. Qf7+ Kh8 31. Rxf8# 1-0

[Event "Hampstead U2200 July 2014"]
[Site "Hampstead, UK"]
[Date "2014.07.05"]
[Round "1"]
[White "Cavendish, Joshua"]
[Black "Jyothilal, Narayanan"]
[Result "0-1"]
[WhiteElo "1706"]
[BlackElo "2056"]
[EventType "swiss"]
[EventRounds "5"]

1. e4 c5 2. Nc3 Nc6 3. f4 g6 4. Bc4 Bg7 5. Nf3 e6 6. O-O Nge7 7. Qe1 Nd4 8.
Nxd4 cxd4 9. Nb5 O-O 10. f5 exf5 11. d3 d5 12. exd5 a6 13. Bg5 axb5 14. Bxe7
Qb6 15. Bxf8 Bxf8 16. Bb3 Bd7 17. Qh4 Kg7 18. Rf3 h5 19. h3 Bd6 20. Re1 Rh8
21. Qf2 h4 22. Kf1 Rh5 23. Rf4 Qd8 24. Qxd4+ Kg8 25. Rf3 g5 26. c4 g4 27. hxg4
fxg4 28. Qf6 Qf8 29. c5 gxf3 30. Qxd6 fxg2+ 31. Kxg2 Qg7+ 32. Kh1 h3 33. Rg1
Rg5 34. Qb8+ Kh7 35. Qh2 Bg4 36. Bd1 f5 37. c6 bxc6 38. dxc6 Qd4 39. Rg3 Qd5+
40. Kg1 Qxc6 41. Bxg4 Qc1+ 42. Kf2 fxg4 43. Rxg4 Qd2+ {#R} 0-1

[Event "Hampstead U2200 July 2014"]
[Site "Hampstead, UK"]
[Date "2014.07.05"]
[Round "1"]
[White "Atako, Chino C"]
[Black "Sonnis, Steve"]
[Result "1-0"]
[WhiteElo "2042"]
[BlackElo "1699"]
[EventType "swiss"]
[EventRounds "5"]

1. e4 e5 2. Nc3 Nf6 3. Nf3 d6 4. d4 Nbd7 5. Bc4 Be7 6. Bxf7+ Kxf7 7. Ng5+ Kg8
8. Ne6 Qe8 9. Nxc7 Qg6 10. O-O Rb8 11. f4 Nxe4 12. N7d5 Qf7 13. fxe5 Ndf6 14.
exf6 Nxf6 15. Nxe7+ Qxe7 16. Nb5 Ra8 17. Bf4 Bg4 18. Qe1 Qxe1 19. Rfxe1 d5 20.
Re7 Ne4 21. Be5 {#r} 1-0

[Event "Hampstead U2200 July 2014"]
[Site "Hampstead, UK"]
[Date "2014.07.05"]
[Round "1"]
[White "Oliveri, Claudio"]
[Black "Krzyzanowski, Patryk"]
[Result "1/2-1/2"]
[WhiteElo "1687"]
[BlackElo "2006"]
[EventType "swiss"]
[EventRounds "5"]

1. e4 c5 2. Nf3 g6 3. d4 cxd4 4. Nxd4 Nc6 5. Nc3 Bg7 6. Be3 Nf6 7. Nxc6 bxc6
8. e5 Ng8 9. Bd4 Nh6 10. e6 f6 11. exd7+ Qxd7 12. Bd3 O-O 13. Bc4+ Kh8 14. O-O
Rd8 15. Bc5 Qc7 16. Qe2 e5 17. Rad1 Bf5 18. Bb3 Qa5 19. Ba3 Rxd1 20. Rxd1 Rd8
21. Rxd8+ Qxd8 22. h3 Bc8 23. Ne4 Nf5 24. c3 Bf8 25. Nc5 Be7 26. Qc4 Nd6 27.
Qa4 Nb5 28. Bb4 Qd2 29. c4 Qc1+ 30. Kh2 Qf4+ 31. Kg1 Qc1+ 32. Kh2 e4 33. Nxe4
Qf4+ 34. Ng3 Nd6 35. Bxd6 Qxd6 36. Qxa7 h5 37. Qe3 Kg7 38. Kg1 f5 39. Ne2 Bf6
40. Nc3 Bd7 41. c5 Qf8 42. Qd3 Be8 43. Na4 Qe7 44. g3 h4 45. Kg2 hxg3 46. Qxg3
Bh4 47. Qc3+ Kh6 48. Qe3+ Qxe3 49. fxe3 Be7 50. Be6 Kg5 51. b4 Kf6 52. Bc4 Ke5
53. Kf2 Bh4+ 54. Ke2 g5 55. Nc3 Bh5+ 56. Kf1 f4 57. exf4+ gxf4 58. Ba6 f3 59.
a4 Kd4 60. Nd1 Bf7 61. Nb2 Be6 62. Nd3 Bxh3+ 63. Kg1 Bf5 64. Nf2 Bc2 65. b5
Kxc5 66. bxc6 Kxc6 67. Bb5+ Kb6 68. Kf1 Bf5 69. Bd3 Be6 70. Be4 Bc4+ 71. Nd3
Ka5 72. Kg1 Kxa4 73. Nb2+ Kb3 74. Nxc4 f2+ 75. Kf1 Kxc4 76. Bb7 {#d} 1/2-1/2

[Event "Hampstead U2200 July 2014"]
[Site "Hampstead, UK"]
[Date "2014.07.05"]
[Round "1"]
[White "Kahn, Tito"]
[Black "Sheremetyeva, Elizaveta"]
[Result "1-0"]
[WhiteElo "1975"]
[BlackElo "1672"]
[EventType "swiss"]
[EventRounds "5"]

1. d4 f5 2. Bg5 Nf6 3. Bxf6 exf6 4. e3 d5 5. Bd3 g6 6. Ne2 Nc6 7. Nf4 b6 8. c3
Qd6 9. Qb3 Ne7 10. Nd2 Bb7 11. O-O g5 12. Nh5 Qe6 13. c4 O-O-O 14. Rac1 Kb8
15. c5 Qf7 16. cxb6 cxb6 17. Ng3 Qg6 18. Qc2 Rc8 19. Qb1 Rxc1 20. Rxc1 Bc8 21.
Qc2 h5 22. Qc7+ Ka8 23. Qd8 Kb7 24. Rc7+ Kb8 25. Rxe7 Bxe7 26. Qxh8 Kb7 27.
Qxc8+ Kxc8 28. Bxf5+ Qxf5 29. Nxf5 Bf8 30. f3 Kd7 31. Kf2 h4 32. e4 Ke6 33.
Ke3 a5 34. a4 Bb4 35. Nb1 dxe4 36. fxe4 Bf8 37. Nd2 Kd7 38. Nc4 Kc6 39. Kd3
Bb4 40. Nfe3 b5 41. axb5+ Kxb5 42. Nd5 Bf8 43. Ndb6 Kb4 44. e5 a4 45. e6 Kb3
46. Nd5 {#r} 1-0

[Event "Hampstead U2200 July 2014"]
[Site "Hampstead, UK"]
[Date "2014.07.05"]
[Round "1"]
[White "Crouch, Timothy J"]
[Black "Briggs, John"]
[Result "0-1"]
[WhiteElo "1666"]
[BlackElo "1960"]
[EventType "swiss"]
[EventRounds "5"]

1. e4 g6 2. d4 d6 3. Nf3 Bg7 4. Bd3 e5 5. Bg5 Ne7 6. dxe5 dxe5 7. O-O Nbc6 8.
c3 h6 9. Be3 Be6 10. Bb5 a6 11. Ba4 Qxd1 12. Rxd1 f5 13. exf5 gxf5 14. Bc5 Kf7
15. Nbd2 Rad8 16. Bb3 Bxb3 17. Nxb3 b6 18. Bxe7 Nxe7 19. Kf1 Bf6 20. Ke1 e4
21. Rxd8 Rxd8 22. Nfd4 c5 23. Ne2 Ng6 24. Rd1 Ne5 25. Rxd8 Bxd8 26. Nbc1 Bg5
27. b3 c4 28. h3 Bxc1 29. Nxc1 b5 30. b4 Nd3+ 31. Nxd3 exd3 32. g3 Ke6 33. f3
Kf6 34. h4 Kg6 35. Kd2 Kh5 36. Kd1 f4 37. gxf4 Kxh4 38. Kd2 Kh5 {#R} 0-1

[Event "Hampstead U2200 July 2014"]
[Site "Hampstead, UK"]
[Date "2014.07.05"]
[Round "1"]
[White "Landau, Jonathan"]
[Black "Samadov, Samir"]
[Result "0-1"]
[WhiteElo "1945"]
[BlackElo "1648"]
[EventType "swiss"]
[EventRounds "5"]

1. e4 e6 2. d4 d5 3. e5 c5 4. c3 Nc6 5. Nf3 Qb6 6. Bd3 Bd7 7. O-O cxd4 8. cxd4
Nxd4 9. Nbd2 Nc6 10. Nb3 Nge7 11. Be3 Qc7 12. Rc1 Ng6 13. Nc5 Ngxe5 14. Nxe5
Bxc5 15. Bxc5 Qxe5 16. Re1 Qf6 17. Qb3 d4 18. Re2 Qg5 19. Rce1 Qxc5 20. Qxb7
Rb8 21. Qc7 h6 22. Be4 Rc8 23. Qg3 Qg5 24. Qb3 Qe7 25. Qf3 O-O 26. a3 Qf6 27.
Qg3 Ne7 28. Qd6 Bc6 29. Bd3 Bd5 30. Qa6 Rc7 31. h3 Qg5 32. f3 Rfc8 33. Re5 Qg3
34. Qd6 Rc1 35. Rxc1 Rxc1+ 36. Bf1 Bc4 {#R} 0-1

[Event "Hampstead U2200 July 2014"]
[Site "Hampstead, UK"]
[Date "2014.07.05"]
[Round "1"]
[White "Mospan, Edward"]
[Black "Stern, Robert"]
[Result "0-1"]
[WhiteElo "1600"]
[BlackElo "1932"]
[EventType "swiss"]
[EventRounds "5"]

1. e4 c5 2. Nf3 d6 3. d4 cxd4 4. Nxd4 Nf6 5. Nc3 e6 6. Bd3 Nc6 7. Nb3 Be7 8.
Qe2 a6 9. Be3 b5 10. a3 Ne5 11. O-O Qc7 12. f4 Nc4 13. Bxc4 bxc4 14. Nd2 Bb7
15. Bf2 Rc8 16. Rad1 O-O 17. Na4 d5 18. Nb6 Rb8 19. f5 exf5 20. exd5 Ng4 21.
Nf3 Nxf2 22. Rxf2 Bc5 23. d6 Qxb6 24. d7 Bxf2+ 25. Qxf2 Qxf2+ 26. Kxf2 Bxf3
27. Kxf3 Rfd8 28. Rd4 g6 29. Kf4 Rb7 30. Rxc4 Rdxd7 31. Rc8+ Kg7 32. b4 Rdc7
33. Ra8 Rb6 34. Rd8 Rxc2 {#R} 0-1

[Event "Hampstead U2200 July 2014"]
[Site "Hampstead, UK"]
[Date "2014.07.05"]
[Round "1"]
[White "Balouka Myers, Gabriel"]
[Black "Jacob, Sydney"]
[Result "1/2-1/2"]
[WhiteElo "1578"]
[BlackElo "1912"]
[EventType "swiss"]
[EventRounds "5"]

1. d4 g6 2. c4 Bg7 3. Nc3 c5 4. Nf3 cxd4 5. Nxd4 Nc6 6. Nxc6 bxc6 7. Qc2 f5 8.
Bg5 Nf6 9. h4 Qa5 10. Bxf6 Bxf6 11. Rc1 d5 12. cxd5 cxd5 13. Qa4+ Qxa4 14.
Nxa4 Bd7 15. Nc3 Rc8 16. e3 O-O 17. Bd3 d4 18. exd4 Bxd4 19. O-O Bxc3 20. Rxc3
Rxc3 21. bxc3 Be6 22. Re1 Kf7 23. Re2 Rc8 24. Rc2 Bc4 25. Bxc4+ Rxc4 26. g3 e5
27. Rb2 Rc7 28. Rb3 Ke6 29. Kf1 f4 30. Ke2 Kf5 31. gxf4 Kxf4 32. Rb4+ Kf5 33.
Kd3 h5 34. Rb8 Kg4 35. Rb4+ Kf3 36. Rb2 Rd7+ 37. Kc4 Kg4 38. Kc5 Kxh4 39. Kc6
Rd3 40. c4 Kg4 41. c5 h4 42. Kb7 h3 43. c6 h2 44. Rb1 Rc3 45. c7 Kf3 46. Rb3
Rxb3+ 47. axb3 Kxf2 48. c8=Q h1=Q+ 49. Kxa7 Qe4 50. Qf8+ Qf3 51. Qc5+ Qe3 52.
Qxe3+ Kxe3 53. b4 e4 54. b5 Kf2 55. b6 e3 56. b7 e2 57. b8=Q e1=Q 58. Qf4+
{#d} 1/2-1/2

[Event "Hampstead U2200 July 2014"]
[Site "Hampstead, UK"]
[Date "2014.07.05"]
[Round "1"]
[White "Barasi, Paul"]
[Black "Mandnikar, Atreya"]
[Result "1/2-1/2"]
[WhiteElo "1872"]
[BlackElo "1561"]
[EventType "swiss"]
[EventRounds "5"]

1. d4 d5 2. Bg5 Nf6 3. Bxf6 exf6 4. e3 c5 5. Nc3 Be6 6. Nge2 cxd4 7. Nxd4 a6
8. Be2 Nc6 9. O-O Bd6 10. Bf3 Bc7 11. g3 O-O 12. Nde2 Ne7 13. Qd2 Qd7 14. Rad1
Rfd8 15. Nd4 Rac8 16. a3 Ba5 17. b4 Bb6 18. Nce2 Nc6 19. Nxc6 Qxc6 20. c3 Qa4
21. Qb2 a5 22. Nd4 Qd7 23. Rd2 Qc7 24. Rc1 axb4 25. axb4 Ra8 26. Be2 Rdc8 27.
Qb3 h6 28. Nb5 Qc6 29. Qd1 Rd8 30. Nd4 Qc7 31. Qb3 Rdc8 {#d} 1/2-1/2

[Event "Hampstead U2200 July 2014"]
[Site "Hampstead, UK"]
[Date "2014.07.05"]
[Round "1"]
[White "Xu, David"]
[Black "Millward, David J"]
[Result "1/2-1/2"]
[WhiteElo "1540"]
[BlackElo "1859"]
[EventType "swiss"]
[EventRounds "5"]

1. c4 e5 2. Nc3 Nf6 3. g3 Nc6 4. Bg2 g6 5. e4 Bg7 6. Nf3 d6 7. O-O O-O 8. b3
Bg4 9. h3 Bxf3 10. Bxf3 Nd4 11. Bg2 c5 12. Ne2 Nxe2+ 13. Qxe2 Ne8 14. Bb2 Nc7
15. a3 Ne6 16. Qd3 Qc7 17. Rfe1 Rad8 18. Rac1 Qa5 19. Rb1 Bh6 20. Re2 Rfe8 21.
a4 Re7 22. Bc3 Qc7 23. Rf1 Qb6 24. Qc2 Red7 25. h4 Rf8 26. Bh3 Re7 {#d}
1/2-1/2

[Event "Hampstead U2200 July 2014"]
[Site "Hampstead, UK"]
[Date "2014.07.05"]
[Round "1"]
[White "Gupta, Arul"]
[Black "Olutola, Taiwo"]
[Result "1-0"]
[WhiteElo "1844"]
[BlackElo "1538"]
[EventType "swiss"]
[EventRounds "5"]

1. e4 e5 2. Nf3 Nc6 3. Bc4 Nd4 4. O-O Nxf3+ 5. Qxf3 Qf6 6. Qe2 Bc5 7. Nc3 c6
8. a4 Ne7 9. d3 O-O 10. Be3 Bb6 11. Bxb6 axb6 12. Qe3 Ng6 13. Ne2 Qd8 14. f4
d6 15. f5 Ne7 16. f6 Ng6 17. fxg7 Kxg7 18. Ng3 Nf4 19. Nf5+ Bxf5 20. exf5 Qg5
21. Rf2 Qxf5 22. d4 Kh8 23. dxe5 dxe5 24. Re1 f6 25. Qxb6 Qg4 26. Qb3 Rad8 27.
Qf3 Qg5 28. Kh1 Rd4 29. b3 Rfd8 30. g3 Nh5 31. Be2 Rd2 32. Ref1 Ng7 33. Qxf6
Qxf6 34. Rxf6 Nf5 35. Bd3 Ne3 36. Rc1 Rxh2+ 37. Kxh2 Ng4+ 38. Kg2 Nxf6 39. Re1
Re8 40. Rf1 Kg7 41. Re1 e4 42. Bc4 Rd8 43. Re2 Re8 44. Kf2 Kg6 45. Ke3 Rd8 46.
Rd2 Rxd2 47. Kxd2 Kf5 48. Ke3 Kg4 49. Kf2 Nd5 50. a5 e3+ 51. Kg2 Nc3 52. Be6+
Kg5 53. Bc8 h5 54. Bxb7 c5 55. Bc6 e2 56. Kf2 $138 {1-0, Time.} {#r} 1-0

[Event "Hampstead U2200 July 2014"]
[Site "Hampstead, UK"]
[Date "2014.07.05"]
[Round "1"]
[White "Chauhan, Pranay"]
[Black "Modica, Jake"]
[Result "1/2-1/2"]
[WhiteElo "1536"]
[BlackElo "1825"]
[EventType "swiss"]
[EventRounds "5"]

1. d4 e6 2. e4 d5 3. exd5 exd5 4. Nc3 Bf5 5. Bd3 Bxd3 6. Qxd3 Nf6 7. Bg5 Be7
8. Qb5+ Nbd7 9. Bxf6 Bxf6 10. Qxd5 O-O 11. O-O-O c6 12. Qf3 Qa5 13. Nge2 Rfd8
14. h4 Rab8 15. g4 b5 16. g5 Be7 17. Qxc6 Rb6 18. Nd5 Bxg5+ 19. hxg5 Rxc6 20.
Ne7+ Kh8 21. Nxc6 Qxa2 22. Nxd8 Qa1+ 23. Kd2 Qa5+ 24. Kc1 Qa1+ 25. Kd2 Qa5+
26. Nc3 Qxd8 27. f4 b4 {#d} 1/2-1/2

[Event "Hampstead U2200 July 2014"]
[Site "Hampstead, UK"]
[Date "2014.07.05"]
[Round "1"]
[White "Yiamakis, Albert"]
[Black "Jina, Asha"]
[Result "1-0"]
[WhiteElo "1785"]
[BlackElo "1504"]
[EventType "swiss"]
[EventRounds "5"]

1. b3 Nf6 2. Bb2 g6 3. Bxf6 exf6 4. c4 Bg7 5. Nc3 d6 6. g3 O-O 7. Bg2 Nd7 8.
d4 f5 9. e3 Re8 10. Nge2 Nf6 11. O-O Ne4 12. Qc2 Qe7 13. b4 a5 14. b5 c6 15.
Rab1 c5 16. Nd5 Qd8 17. b6 Rb8 18. Rfd1 Be6 19. Nc7 Re7 20. Nf4 Nf6 21. dxc5
Qc8 22. cxd6 Rd7 23. Nfxe6 fxe6 24. Nxe6 Ne8 25. Nxg7 Rxg7 26. c5 Rd7 27. Bd5+
Kf8 28. Be6 {#r} 1-0

[Event "Hampstead U2200 July 2014"]
[Site "Hampstead, UK"]
[Date "2014.07.05"]
[Round "1"]
[White "Balouka Myers, Reuben"]
[Black "Pride, Stephen"]
[Result "1/2-1/2"]
[WhiteElo "1488"]
[BlackElo "1776"]
[EventType "swiss"]
[EventRounds "5"]

1. e4 d6 2. d4 Nf6 3. f3 Nbd7 4. Nc3 e5 5. d5 c5 6. Bg5 Be7 7. Qd2 Nxd5 8.
Qxd5 Bxg5 9. Qxd6 Qf6 10. Qxf6 Nxf6 11. Bb5+ Ke7 12. h4 Be3 13. Rd1 a6 14. Bc4
b5 15. Nd5+ Nxd5 16. Bxd5 Rb8 17. Ke2 Bxg1 18. Rhxg1 Rd8 19. b3 Be6 20. Bxe6
{#d} 1/2-1/2

[Event "Hampstead U2200 July 2014"]
[Site "Hampstead, UK"]
[Date "2014.07.05"]
[Round "1"]
[White "Brozel, Sacha"]
[Black "Gergelova, Monika"]
[Result "1-0"]
[WhiteElo "1769"]
[BlackElo "1268"]
[EventType "swiss"]
[EventRounds "5"]

1. d4 e6 2. c4 d5 3. Nf3 c6 4. e3 Nf6 5. b3 Bb4+ 6. Bd2 Bxd2+ 7. Nbxd2 O-O 8.
Bd3 Na6 9. a3 c5 10. cxd5 exd5 11. Bxa6 bxa6 12. dxc5 a5 13. O-O Bb7 14. Nd4
Rc8 15. b4 a6 16. N2b3 axb4 17. axb4 Qd7 18. Qd3 Ra8 19. Na5 Rfc8 20. Rfc1 Bc6
21. Naxc6 Rxc6 22. Nxc6 Qxc6 23. b5 axb5 24. Rxa8+ Qxa8 25. Qxb5 h6 26. c6 Qa3
27. Qb8+ Kh7 28. Qb1+ g6 29. c7 Ne4 30. c8=Q Qa5 31. Qbb8 {#r} 1-0

[Event "Hampstead U2200 July 2014"]
[Site "Hampstead, UK"]
[Date "2014.07.05"]
[Round "2"]
[White "Stern, Robert"]
[Black "Jaunooby, Ali R"]
[Result "0-1"]
[WhiteElo "1932"]
[BlackElo "2186"]
[EventType "swiss"]
[EventRounds "5"]

1. e4 d5 2. exd5 Nf6 3. d4 Nxd5 4. c4 Nb4 5. Be3 c5 6. Nf3 cxd4 7. Nxd4 N8c6
8. Nxc6 Qxd1+ 9. Kxd1 Nxc6 10. Nc3 Bf5 11. f3 O-O-O+ 12. Ke1 Nb4 13. Kf2 Nc2
14. Rd1 Rxd1 15. Nxd1 Nxe3 16. Nxe3 Bg6 17. f4 e6 18. Be2 Bc5 19. Rd1 Rd8 20.
Rxd8+ Kxd8 21. a3 a5 22. Bf3 Kc7 23. Ke2 Bb1 24. Kd2 Bd4 25. b3 Bb2 26. a4 Bg6
27. g4 Bd4 28. Ng2 b6 29. h3 Kd6 30. Be2 Be4 31. Ne1 h6 32. Bd3 Bc6 33. Bc2 g5
34. fxg5 hxg5 35. Ke2 f6 36. Nf3 Bc5 37. Bd3 e5 38. Bf5 e4 39. Ne1 Ke5 40. Ng2
Kd4 41. Ne3 Kc3 42. Nd5+ Kxb3 43. Nxf6 Kxa4 44. Nxe4 Be7 45. Kd3 Kb3 46. Nd2+
Kb2 47. Be6 Bc5 48. Bf5 a4 49. Ke2 a3 {#R} 0-1

[Event "Hampstead U2200 July 2014"]
[Site "Hampstead, UK"]
[Date "2014.07.05"]
[Round "2"]
[White "Haribalu, V."]
[Black "Gupta, Arul"]
[Result "1-0"]
[WhiteElo "2176"]
[BlackElo "1844"]
[EventType "swiss"]
[EventRounds "5"]

1. e4 e5 2. d4 exd4 3. Nf3 Nc6 4. Nxd4 Bc5 5. Nxc6 Qf6 6. Qd2 bxc6 7. Bd3 Ne7
8. O-O d6 9. c3 Ng6 10. Kh1 Ne5 11. f3 a5 12. Be2 a4 13. c4 Be6 14. Qc2 O-O
15. Bd2 Bd4 16. f4 Ng4 17. Bxg4 Bxg4 18. Nc3 a3 19. b3 Bd7 20. Rae1 Rfe8 21.
Qd3 c5 22. Nd5 Qd8 23. f5 Bc6 24. Bc3 Bxd5 25. cxd5 Bxc3 26. Qxc3 Qe7 27. f6
Qe5 28. Qd2 gxf6 29. Rf5 Qe7 30. Qh6 Qf8 31. Qxf6 Re5 32. Re3 h6 33. Rxe5 dxe5
34. Qxe5 Ra6 35. Qxc7 Rg6 36. Rg3 Qg7 37. Rxg6 Qxg6 38. Qg3 Qxg3 39. hxg3 Kg7
40. g4 Kf6 41. Kg1 Ke5 42. Kf2 Kd4 43. d6 Kc3 44. d7 Kb2 45. d8=Q Kxa2 46. Qd5
Kb1 47. Qxc5 {#r} 1-0

[Event "Hampstead U2200 July 2014"]
[Site "Hampstead, UK"]
[Date "2014.07.05"]
[Round "2"]
[White "Bratholm, Palle"]
[Black "Yiamakis, Albert"]
[Result "1-0"]
[WhiteElo "2158"]
[BlackElo "1785"]
[EventType "swiss"]
[EventRounds "5"]

1. e4 c5 2. c3 d5 3. exd5 Qxd5 4. d4 Nc6 5. Nf3 Bg4 6. Be2 cxd4 7. cxd4 e6 8.
Nc3 Qa5 9. h3 Bh5 10. d5 exd5 11. Qb3 Bb4 12. O-O Nge7 13. Rd1 Bxc3 14. bxc3
O-O 15. Ba3 Qb6 16. Qa4 Bg6 17. Nd4 Rfd8 18. Rd2 Rac8 19. Rb2 Qc7 20. Bg4 Nxd4
21. Bxc8 Nf3+ 22. gxf3 Nxc8 23. Re1 f6 24. Rbe2 Nb6 25. Qd4 Nc4 26. Qc5 Qb8
27. Re7 b6 28. Qb4 a5 29. Qb3 Qf4 30. Qa4 Qg5+ 31. Kh1 Ne5 32. Rg1 Qh5 33. Rg3
Nc4 34. Bc1 Qf5 35. Qc6 Qb1 36. Qe6+ Kh8 37. Rg1 Qd3 38. Qe2 Qf5 39. Kh2 Ne5
40. f4 Nc4 41. Re1 h6 42. Qg4 Qd3 43. f5 Qxf5 44. Qxf5 Bxf5 45. Be3 Ne5 46.
Kg3 Bg6 47. Bxb6 Ra8 48. Ra7 Rxa7 49. Bxa7 a4 50. Bd4 Nc4 51. Re7 Bb1 52. Ra7
Bc2 53. Rd7 Bb1 54. Rxd5 Bxa2 55. Rd8+ Kh7 56. Ra8 Bb3 57. Bc5 Kg6 58. Kf4 Ne5
59. Bb4 h5 60. h4 Nc4 61. Ra7 f5 62. Ra6+ Kf7 63. Kxf5 g6+ 64. Kg5 Ne5 65.
Rf6+ Kg7 66. Bf8+ Kg8 67. Bd6 Nc4 68. Kxg6 Bc2+ 69. Kxh5 a3 70. Kh6 Nxd6 71.
Rxd6 a2 72. Ra6 Bb3 73. f4 Kf7 74. Kg5 Bd5 75. f5 Kf8 76. Ra7 Kg8 77. h5 Kf8
78. h6 Kg8 79. h7+ Kh8 80. f6 Bf7 81. Kh6 Bd5 82. f7 Bxf7 83. Rxf7 {#r} 1-0

[Event "Hampstead U2200 July 2014"]
[Site "Hampstead, UK"]
[Date "2014.07.05"]
[Round "2"]
[White "Jina, Taran"]
[Black "Bonafont, Philip"]
[Result "1/2-1/2"]
[WhiteElo "1741"]
[BlackElo "2056"]
[EventType "swiss"]
[EventRounds "5"]

1. e4 c5 2. Nf3 d6 3. d4 cxd4 4. Nxd4 Nf6 5. Nc3 a6 6. Be3 e5 7. Nb3 Be6 8. f3
Be7 9. Qd2 O-O 10. O-O-O a5 11. Bb5 Na6 12. g4 Qb8 13. h4 Nc7 14. Kb1 Nxb5 15.
Nxb5 a4 16. Nc1 d5 17. g5 d4 18. Bxd4 exd4 19. gxf6 Bxf6 20. Nxd4 Rd8 21. Qf2
Qa7 22. Nce2 a3 23. b3 Qc5 24. Rd3 Rac8 25. Rc1 b5 26. f4 Bg4 27. Qg3 Qh5 28.
Qe3 Bxe2 29. Nxe2 Bb2 30. Rh1 b4 31. Ng3 Qb5 {#d} 1/2-1/2

[Event "Hampstead U2200 July 2014"]
[Site "Hampstead, UK"]
[Date "2014.07.05"]
[Round "2"]
[White "Jyothilal, Narayanan"]
[Black "Brozel, Sacha"]
[Result "1/2-1/2"]
[WhiteElo "2056"]
[BlackElo "1769"]
[EventType "swiss"]
[EventRounds "5"]

1. d4 Nf6 2. c4 e6 3. g3 Be7 4. Bg2 d5 5. Nf3 O-O 6. O-O b6 7. cxd5 exd5 8.
Nc3 Bb7 9. Bf4 a6 10. Rc1 Nbd7 11. Qb3 Re8 12. Rfd1 Nf8 13. Ne5 Ne6 14. Be3
Rc8 15. a4 Bf8 16. a5 b5 17. Na2 Qd6 18. Nd3 Ng4 19. Bf3 Nxe3 20. fxe3 Ng5 21.
Nc5 Ba8 22. Nb4 Qh6 23. Rd3 Bxc5 24. Rxc5 Ne6 25. Nxa6 Nxc5 26. Nxc5 Re7 27.
Bxd5 Bxd5 28. Qxd5 Rxe3 {#d} 1/2-1/2